000 004620000a22001810004500
020 _a84-7645-819-3
041 0 _aSPA
082 0 4 _aG 266.001 C9657m
100 1 _aCueva C., Samuel
245 1 0 _aMisión transcultural / Samuel Cueva C.
260 _aTerrassa, Barcelona, España : CLIE
300 _a136 Pag
001 7406
942 _cBK
999 _c37621
_d37621
336 _atexto
_btxt
_2rdacontent
337 _2rdamedia
_asin mediación
_bn
338 _2rdacarrier
_avolumen
_bnc